000 00816nam a2200193 a 4500
003 0
005 20250624085430.0
008 021118s19uu xx 00 eng d
050 _aPHS R 726
_b.H46 1999
100 _aHembrador, Gian Paolo A.
245 _aPerceptions of Southville International School senior students on the legalization of euthanasia in the Philippines /
_cGian Paolo A. Hembrador.
260 _aLas PiƱas City, Philippines :
_bSouthville International School and Colleges,
_c1999.
300 _aunnumbered pages :
_billustrations ;
_c28 cm.
504 _aIncludes bibliographical references.
650 _aEuthanasia
_zPhilippines
_xPublic opinion.
650 _aEuthanasia
_xMoral and ethical aspects
_zPhilippines.
650 _aEuthanasia
_xLaw and legislation
_zPhilippines.
942 _2lcc
_cPASS
999 _c96253
_d96253